MARC details
| 000 -CABECERA |
| campo de control de longitud fija |
00930nam a2200229 a 4500 |
| 005 - FECHA Y HORA DE LA ÚLTIMA TRANSACCIÓN |
| campo de control |
20210219160312.0 |
| 008 - ELEMENTOS DE LONGITUD FIJA--INFORMACIÓN GENERAL |
| campo de control de longitud fija |
081008s1989 mx r 000 0 spa d |
| 035 ## - NÚMERO DE CONTROL DEL SISTEMA |
| Número de control de sistema |
UPN01000162872 |
| 049 ## - COLECCIÓN |
| Colección |
UNE |
| 080 ## - NÚMERO DE CLASIFICACIÓN DECIMAL UNIVERSAL |
| Número de la Clasificación Decimal Universal |
82.09 (72) VAR. |
| 111 2# - ASIENTO PRINCIPAL--NOMBRE DE REUNION |
| Nombre de congreso/reunión o jurisdicción como elemento de entrada |
Mesa Redonda en el Centenario del Nacimiento de Alfonso Reyes |
| Fecha del congreso/reunión |
(1989 : |
| Sede del congreso/Lugar de la reunión |
Villahermosa, Tabasco) |
| 245 10 - MENCIÓN DE TÍTULO |
| Título |
Variaciones en torno a Alfonso Reyes. |
| 260 ## - PUBLICACIÓN, DISTRIBUCIÓN, ETC. |
| Lugar de publicación, distribución, etc. |
Villahermosa, Tab. : |
| Nombre del editor, distribuidor, etc. |
Gobierno del Estado de Tabasco, |
| Fecha de publicación, distribución, etc. |
1989. |
| 300 ## - DESCRIPCIÓN FÍSICA |
| Extensión |
106 p. |
| 500 ## - NOTA GENERAL |
| Nota general |
Incluye bibliografía. |
| 690 ## - PUNTO DE ACCESO ADICIONAL DE MATERIA LOCAL--TÉRMINO DE MATERIA (OCLC, RLIN) |
| Término de materia o nombre geográfico como elemento inicial |
Critica literaria- Reyes Ochoa, Alfonso (1889-1959) |
| 690 ## - PUNTO DE ACCESO ADICIONAL DE MATERIA LOCAL--TÉRMINO DE MATERIA (OCLC, RLIN) |
| Término de materia o nombre geográfico como elemento inicial |
Reyes Ochoa, Alfonso (1889-1959)- Biografia |
| 690 ## - PUNTO DE ACCESO ADICIONAL DE MATERIA LOCAL--TÉRMINO DE MATERIA (OCLC, RLIN) |
| Término de materia o nombre geográfico como elemento inicial |
Biografia- Reyes Ochoa, Alfonso (1889-1959) |
| 710 2# - ASIENTO SECUNDARIO - NOMBRE CORPORATIVO |
| Nombre de entidad corporativa o nombre de jurisdicción como elemento de entrada |
IV Comité Regional de la Comisión Nacional de los Estados Unidos Mexicanos para la UNESCO |
| 710 1# - ASIENTO SECUNDARIO - NOMBRE CORPORATIVO |
| Nombre de entidad corporativa o nombre de jurisdicción como elemento de entrada |
México (Tabasco). Secretaría de Educación, Cultura y Recreación. |
| 905 ## - TIPO DE MATERIAL |
| Tipo de material |
UNESCO |